000 01652cam a2200385 a 4500
001 EDZ0000117264
003 StDuBDS
005 20161031105152.0
006 m||||||||d||||||||
007 cr |||||||||||
008 130111s2010 caua fo| 000|0|eng|d
020 _a9781446262825 (ebook) :
_cNo price
040 _aStDuBDS
_beng
_cStDuBDS
_epn
049 _aAlfaisal Main Library
050 0 _aBF311
_b.P3483 2010
082 0 4 _a152.1
_223
245 0 0 _aPerception
_h[electronic resource] /
_cedited by Tom Troscianko and Alastair D. Smith.
260 _aLos Angeles, [Calif.] :
_bSAGE,
_c2010.
300 _a1 online resource (4 v.) :
_bill. (some col.).
490 1 _aSAGE library of cognitive and experimental psychology
505 0 _av. 1. Visual sensation -- v. 2. Visual perception -- v. 3. Audition and haptic perception -- v. 4. Chemical senses and perceptual integration.
520 8 _aThis collection of texts brings together the major papers in the field of perception. This is a rich area, both in terms of history, and the breadth of the subject, which covers all five sensory modalities.
521 _aSpecialized.
588 _aDescription based on print version record.
504 _aIncludes bibliographical references.
650 0 _aPerception.
655 7 _aElectronic books.
_2local
700 1 _aTroscianko, Tom.
700 1 _aSmith, Alastair D.
710 2 _aSage eBooks
776 0 8 _iPrint version :
_z9781848600935
830 0 _aSAGE library of cognitive and experimental psychology.
856 4 0 _uhttp://ezproxy.alfaisal.edu/login?url=http://sk.sagepub.com/navigator/perception
942 _2lcc
_cEBOOKS
999 _c480852
_d480852